000 00487nam a2200169Ia 4500
999 _c8688
_d8688
003 OSt
005 20201007113057.0
008 190216s9999||||xx |||||||||||||| ||und||
020 _a8126501022
040 _coclc
082 _a005.268
_bHAR/T
100 _aHartman, Patricia
_95367
245 0 _aTeach Yourself Visual Basic 6 /
_cPatricia Hartman
260 _bIdg Books,
_c2000.
_aNew Delhi:
300 _a582p
942 _cBK
_2ddc
_h005.268
_iHAR/V
_k005.268
_mHAR/V